OECD Statistics on international trade in services detailed tables by service category

Salvato in:
Dettagli Bibliografici
Natura: Periodico
Lingua:inglese
Pubblicazione: Paris OECD Publishing 2017
Tags: Aggiungi Tag
Nessun Tag, puoi essere il primo ad aggiungerne!!

MARC

LEADER 00000nas2a2200000 4500
001 0241767
005 20220304092244.7
022 |a 2225-7993 
041 0 |a eng 
044 |a FR 
245 1 0 |a OECD Statistics on international trade in services  |b detailed tables by service category 
264 1 |a Paris  |b OECD Publishing  |c 2017 
773 0 |w eu_un_cat*0167138 
774 0 |w eu_un_cat*0282383